000 00512nam a2200193Ia 4500
003 GCL
008 140319s9999 xx 000 0 ara d
040 _aGCL /
_cGCL
082 0 4 _a398.941
_bن ا
100 1 _aنزار اباظة
245 1 0 _aالامثال الشعبية /
_cنزار اباظة
300 _a295 ص
490 _a
650 0 4 _aالامثال العامية العربية
650 0 4 _aالادب الشعبى
650 0 4 _aالشام
650 0 4 _aالامثال
942 _2ddc
_cBK
999 _c39613
_d39613